| 000 | 00564nam a2200193Ia 4500 | ||
|---|---|---|---|
| 008 | 191130s2006##################000#0#eng## | ||
| 020 | _a9788122417685 | ||
| 040 |
_aACL _cACL |
||
| 082 | _a333.794 CHA | ||
| 100 | _aChauhan, D. S | ||
| 245 |
_aNon-conventional energy resources _cD.S. Chauhan, S.K. Srivastava |
||
| 260 |
_aNew Delhi _bNew Age International _c2006 |
||
| 300 | _a227 p. : ill. ; 24 cm | ||
| 650 | _aRenewable energy sources | ||
| 700 | _aSrivastava, S. K | ||
| 990 | _a5b757b0fac10000c22e2e5ab9103d07c | ||
| 991 | _a429423 | ||
| 999 |
_c23029 _d23029 |
||